| 000 | 00582nam a2200205 u 4500 | ||
|---|---|---|---|
| 005 | 20220621180630.0 | ||
| 008 | 180207s2005 r 000 0 eng d | ||
| 020 | _a9681674693 | ||
| 035 | _aUPN01000222773 | ||
| 049 | _aCG | ||
| 050 | 4 |
_aPQ7297 P4.2 _bO2.6 |
|
| 100 | 1 |
_aPoniatowska, Elena, _d1933- |
|
| 245 | 1 | 0 |
_aObras reunidas I : _bnarrativa breve / _cElena Poniatowska. |
| 260 |
_aMéxico : _bFCE, _c2005. |
||
| 300 | _a310 p. | ||
| 440 | 0 | _aObras reunidas | |
| 650 | 0 |
_aLiteratura mexicana (Selecciones, extractos, etc.) _920984 |
|
| 905 | _aLibro | ||
| 999 |
_c194870 _d194870 |
||